[Event "HCL-C4020"]
[Site "www.playchess.de"]
[Date "2006.01.23"]
[Round "11"]
[White "Mercator"]
[Black "epenz"]
[WhiteElo "1041"]
[BlackElo "937"]
[PlyCount "77"]
[Result "1/2-1/2"]

1.d4 {Hello again, good luck for you!}  d5 2.c4 c6 
3.Nf3 Bg4 4.e3 Nf6 5.Nc3 e6 6.Be2 Bd6 7.O-O O-O 
8.Re1 Bxf3 9.Bxf3 dxc4 10.a4 Nbd7 11.e4 Be7 12.e5 
Nd5 13.Nxd5 cxd5 14.Rb1 a6 15.b3 b5 16.axb5 axb5 
17.bxc4 bxc4 18.Qc2 Qc7 19.Bf4 Rfb8 20.Rxb8+ Rxb8 
21.Rb1 Rxb1+ 22.Qxb1 Nb6 23.Bd2 c3 24.Qc2 Bb4 
25.Bc1 Qc4 26.Be2 Qxd4 27.Be3 Qe4 28.Bxb6 Qxe5 
29.Qa4 Qxe2 30.Qe8+ Bf8 31.h3 e5 32.Bc5 h6 
33.Qxf8+ Kh7 34.Qxf7 c2 35.Qf5+ Kg8 36.Qf8+ Kh7 
37.Qf5+ Kh8 38.Qc8+ Kh7 39.Qf5+ {(offering draw)} 
 1/2-1/2

[Event "HCL-B3804"]
[Site "www.playchess.de"]
[Date "2006.01.23"]
[Round "6"]
[White "aquiles"]
[Black "Phileas"]
[WhiteElo "1341"]
[BlackElo "1402"]
[PlyCount "60"]
[Result "0-1"]

1.d4 e6 {happy new year, and a good game to you!}  
2.Bf4 Nf6 3.Nc3 d5 4.a3 c5 5.Nf3 c4 6.e3 Nc6 7.Nb5 
Qa5+ 8.Nc3 Ne4 9.Be2 Nxc3 10.bxc3 Qxc3+ 11.Nd2 
Bxa3 12.O-O Nb4 13.Nf3 Bd7 14.Ne5 Ba4 15.Bh5 g6 
16.Qf3 Nc6 17.Bg4 f5 18.Bh3 Nb4 19.g4 Bxc2 20.gxf5 
Bxf5 21.Bxf5 exf5 22.h4 Nc2 23.Rab1 Qa5 24.Rxb7 
Ne1 25.Qd1 Nd3 26.Qb1 Rc8 27.Rb8 O-O 28.Qb7 Rcxb8 
{Et dire que je pensais m'ettre mal debrouille'... 
:)}  29.Qe7 Bxe7 {c'est dommage, je pensais que tu 
avais encore une chance.... I thought you still 
had a chance, not anymore...}  30.Nd7 
c3 0-1

[Event "HCL-C3940"]
[Site "www.playchess.de"]
[Date "2006.01.23"]
[Round "14"]
[White "Milosforman"]
[Black "JRockne"]
[WhiteElo "1040"]
[BlackElo "1085"]
[PlyCount "66"]
[Result "0-1"]

1.d4 d5 2.Nf3 Nf6 3.e3 Nc6 4.Bb5 Bd7 5.Bxc6 Bxc6 
6.b3 e6 7.Bb2 Bb4+ 8.c3 Bd6 9.b4 O-O 10.a4 a5 
11.b5 Bd7 12.Ba3 Bxa3 13.Rxa3 b6 14.Nbd2 Qe7 
15.Qc2 Qxa3 16.Qb3 Qc1+ 17.Ke2 Qxh1 18.g3 Ng4 
19.e4 dxe4 20.Nh4 Qxh2 21.Nxe4 Nxf2 22.Nxf2 Qxg3 
23.Nf3 Kh8 24.c4 h6 25.c5 Rfe8 26.Ne4 Qg4 27.Qe3 
e5 28.dxe5 Rxe5 29.Kf2 Rxe4 30.Qd3 Rae8 31.c6 Bf5 
32.Qd7 R4e2+ 33.Kf1 Qg2+ 0-1

[Event "HCL-A2560"]
[Site "www.playchess.de"]
[Date "2006.01.23"]
[Round "6"]
[White "scaper"]
[Black "maus"]
[WhiteElo "1437"]
[BlackElo "1367"]
[PlyCount "35"]
[Result "1-0"]

1.d4 {hallo maus!}  e6 {hello!}  2.e4 c5 3.Nf3 Nc6 
4.Be3 d6 5.Bb5 Bd7 6.Nc3 Nf6 7.O-O Be7 8.d5 exd5 
9.exd5 Ne5 10.Nxe5 Bxb5 11.Nxb5 dxe5 12.d6 O-O 
13.Bxc5 Bxd6 14.Bxd6 Re8 15.Nc7 Ne4 16.Nxe8 Qxe8 
17.Re1 f5 18.Qd5+ 1-0

[Event "HCL-E1535"]
[Site "www.playchess.de"]
[Date "2006.01.23"]
[Round "6"]
[White "Matu"]
[Black "ippuli"]
[WhiteElo "1457"]
[BlackElo "1614"]
[PlyCount "60"]
[Result "0-1"]

1.Nf3 d5 {:)}  2.b3 Nc6 3.Bb2 Nf6 4.g3 Bg4 5.Bg2 
Qd7 6.O-O Bh3 7.e3 Bxg2 8.Kxg2 h5 9.h4 Ng4 10.Nh2 
f6 11.f4 Rg8 12.Nxg4 hxg4 13.d4 g5 14.hxg5 fxg5 
15.f5 O-O-O 16.a3 e6 17.Qxg4 Re8 18.fxe6 Rxe6 
19.Bc1 Qe7 20.Bd2 Kb8 21.Nc3 Qd6 22.Rf5 Bh6 
23.Rxd5 Qe7 24.Rf1 Nd8 25.e4 c6 26.Rdf5 Qxa3 
27.R5f6 Qd6 28.Rxe6 Nxe6 29.Rf6 Qxd4 30.Be1 Qxf6 
{Hömmm...}  0-1

[Event "HCL-E1535"]
[Site "www.playchess.de"]
[Date "2006.01.23"]
[Round "9"]
[White "Emerson"]
[Black "ippuli"]
[WhiteElo "1792"]
[BlackElo "1614"]
[PlyCount "85"]
[Result "1-0"]

1.e4 {welcome again, dear friend from 
Suomi!
greetings from dortmund/germany
norbert}  e5 {Happy new year!! Greetings from 
snowy Finland....}  2.Qe2 {Our snow (from 
26.12.-31.12.) has gone. It´s a pity. Can you send 
me again the internet-adress, where I could regard 
the snowy landscapes of Suomi? My wife has lost 
the piece of paper where I had noticed it...}  f5 
{www.tiehallinto.fi/alk/frames/kelikamerat-frame.html} 
 3.exf5 {thank you! I´ll visit the page in the 
afternoon and will show my wife the lovely 
landscape}  d6 {You can also compare the 
difference of southern and northern Finland, 
sometimes it is huge....}  4.Qh5+ g6 5.fxg6 Nf6 
6.g7+ Nxh5 7.gxh8Q Qh4 8.Qxh7 Nc6 9.Qg6+ Kd8 
10.Nf3 Qg4 11.Qxg4 Bxg4 12.c3 Bxf3 13.gxf3 Bh6 
14.Na3 Ke7 15.d3 Bxc1 16.Rxc1 Rf8 17.Be2 Nf4 18.h4 
a6 19.h5 Rh8 20.h6 Rh7 21.Kd2 Kf6 22.Rcg1 Nd8 
23.Rg7 Rxg7 24.hxg7 Kxg7 25.Nc2 Nde6 26.d4 exd4 
27.Nxd4 Nc5 28.Rh4 Nd5 29.b4 Na4 30.Rg4+ Kf6 
31.Bc4 {no "oops" anymore!}  Ndxc3 {Ok!}  32.Bb3 
Nb1+ 33.Kc2 Na3+ 34.Kd3 Nb6 35.f4 Nd7 36.Rh4 c5 
37.Rh7 Nb6 38.Rf7+ Kg6 39.f5+ Kh6 40.bxc5 dxc5 
41.Rf6+ Kg5 42.Rxb6 cxd4 43.f6 {the final 
countdown...}  1-0

[Event "HCL-E1508"]
[Site "www.playchess.de"]
[Date "2006.01.23"]
[Round "15"]
[White "Inge_Heumann"]
[Black "richard"]
[WhiteElo "1685"]
[BlackElo "1710"]
[PlyCount "82"]
[Result "0-1"]

1.e4 c5 2.Nf3 e6 3.d4 cxd4 4.Nxd4 Nf6 5.Nc3 d6 
6.Bd3 a6 7.O-O Be7 8.Kh1 O-O 9.f4 Nbd7 10.Nf3 Qc7 
11.f5 exf5 12.exf5 b5 13.Bf4 Re8 14.Be4 Nxe4 
15.Nxe4 Ne5 16.Ng3 Bb7 17.Nxe5 dxe5 18.Be3 b4 
19.Rc1 Qc4 20.b3 Qc6 21.Rf2 Rad8 22.Qg4 f6 23.Nh5 
Bf8 24.Bh6 {Happy New Year!}  Rd4 {beating 
playchess1963 was a thrill. With this game a draw 
would insure me the tournament, but lets fight on} 
 25.Qg3 Re7 26.Be3 Rd6 27.Rd2 Rxd2 28.Bxd2 Rf7 
29.Qg4 a5 30.Be3 Qc3 31.Qe2 Rc7 32.Ng3 Qb2 33.Qb5 
Qxa2 34.Qb6 Rf7 35.Qb5 a4 36.Qxa4 Qxa4 37.bxa4 Rc7 
38.Kg1 Rc3 39.Kf2 Ra3 40.Rd1 Rxa4 41.Rd8 
Ra2 0-1

[Event "HCL-B3720"]
[Site "www.playchess.de"]
[Date "2006.01.23"]
[Round "3"]
[White "sundfar"]
[Black "ronaldinhio"]
[WhiteElo "1278"]
[BlackElo "893"]
[PlyCount "53"]
[Result "1-0"]

1.b4 {hello}  a5 2.c3 axb4 3.Nf3 bxc3 4.Nxc3 d5 
5.d4 e5 6.dxe5 c6 7.Bf4 Bb4 8.Qb3 Qa5 9.Rc1 Ba3 
10.Rc2 Bg4 11.Qxb7 Bxf3 12.gxf3 h5 13.e6 fxe6 
14.Bxb8 Bb4 15.Qxc6+ Kf7 16.Qc7+ Ne7 17.Qxa5 Bxa5 
18.Be5 Ng6 19.f4 Rac8 20.Kd2 Nxe5 21.fxe5 Rc5 
22.e3 Rd8 23.Bh3 d4 24.exd4 Rxd4+ 25.Ke3 Bxc3 
26.Bxe6+ Kxe6 27.Rxc3 1-0

[Event "HCL-C4110"]
[Site "www.playchess.de"]
[Date "2006.01.23"]
[Round "5"]
[White "Skipper_Robert"]
[Black "nichju"]
[WhiteElo "1007"]
[BlackElo "1034"]
[PlyCount "79"]
[Result "1/2-1/2"]

1.d4 {Hallo!}  d5 {Hallo und viel Glück}  2.Nc3 
Nf6 3.e3 Nc6 4.Bb5 Bd7 5.Nf3 e6 6.Qd3 Nb4 7.Qe2 
Bd6 8.Bxd7+ Nxd7 9.a3 Nc6 10.Bd2 Qg5 11.Nxg5 h6 
12.Nf3 O-O 13.Qb5 Rab8 14.O-O a6 15.Qd3 b5 16.e4 
b4 17.Nd1 bxa3 18.bxa3 a5 19.exd5 exd5 20.Ne3 Nf6 
21.h3 g5 22.Rfe1 h5 23.Nxg5 Bf4 24.h4 Ne7 25.g3 
Bd6 26.Nf5 Nxf5 27.Qxf5 Kg7 28.Re3 Rb2 29.Rf3 Rxc2 
30.Qxc2 Re8 31.Re1 Rxe1+ 32.Bxe1 c6 33.Bxa5 Ne4 
34.Nxf7 c5 35.dxc5 Bxg3 36.Bc3+ Nxc3 37.Qxc3+ d4 
38.Qxd4+ Be5 39.Qxe5+ Kh7 40.Rg3 1/2-1/2

[Event "HCL-A2508"]
[Site "www.playchess.de"]
[Date "2006.01.23"]
[Round "18"]
[White "zemljanin"]
[Black "willem199"]
[WhiteElo "1389"]
[BlackElo "1426"]
[PlyCount "71"]
[Result "1-0"]

1.d4 {hi}  d5 {hi}  2.c4 dxc4 3.e4 Nc6 4.d5 Ne5 
5.f4 Ng4 6.Bxc4 e5 7.f5 N8f6 8.Bg5 Bc5 9.Bxf6 Nxf6 
10.Qf3 c6 11.Nc3 h5 12.O-O-O Ng4 13.dxc6 Qc7 
14.Nd5 Qxc6 15.Nh3 O-O 16.Qb3 Kh8 17.Kb1 g6 18.Bb5 
Qd6 19.Ne3 Qb6 20.Nxg4 hxg4 21.Ng5 gxf5 22.Nxf7+ 
Kg7 23.Nxe5 fxe4 24.Nd7 Bxd7 25.Rxd7+ Kg6 26.Rxb7 
Qf6 27.Qc2 Qe5 28.Bc6 Rf2 29.Qxe4+ Qxe4+ 30.Bxe4+ 
Kf6 31.Rb5 Rc8 32.Rc1 Be3 33.Rxc8 Rf1+ 34.Kc2 Rc1+ 
35.Kd3 Rxc8 36.Kxe3 1-0

[Event "HCL-B3771"]
[Site "www.playchess.de"]
[Date "2006.01.23"]
[Round "11"]
[White "unclcarle"]
[Black "epenz"]
[WhiteElo "1099"]
[BlackElo "944"]
[PlyCount "56"]
[Result "0-1"]

1.e4 e5 2.Nf3 Nc6 3.Bb5 d6 4.O-O Bd7 5.Nc3 a6 
6.Bxc6 bxc6 7.b3 Nf6 8.d3 d5 9.exd5 cxd5 10.Bg5 
Bd6 11.Bxf6 Qxf6 12.Nxd5 Qe6 13.c4 O-O 14.Re1 f6 
15.d4 Bc6 16.dxe5 Bxe5 17.Nxc7 Qf5 18.Nxa8 Rxa8 
19.Nh4 Qg5 20.g3 Bxa1 21.Qxa1 Rd8 22.Re6 Bb7 
23.Re7 Qg4 24.Rxb7 Rd1+ 25.Qxd1 Qxd1+ 26.Kg2 Qb1 
27.Nf5 Qxf5 28.b4 Qe4+ 0-1

[Event "HCL-E1535"]
[Site "www.playchess.de"]
[Date "2006.01.23"]
[Round "16"]
[White "alldrix"]
[Black "ippuli"]
[WhiteElo "1600"]
[BlackElo "1614"]
[PlyCount "95"]
[Result "1-0"]

1.e4 e5 {Happy new year!}  2.Nc3 {for you too!}  
Nf6 3.Bc4 Bc5 4.Nf3 d6 5.d3 Ng4 6.O-O O-O 7.h3 Nf6 
8.Be3 Bb4 9.a3 Bxc3 10.bxc3 Be6 11.Bb3 Nc6 12.Nh2 
Bxb3 13.cxb3 Nd7 14.f4 f5 15.fxe5 Ndxe5 16.Rxf5 
Rxf5 17.exf5 Qf6 18.d4 Nf7 19.Qd3 Re8 20.Ng4 Qd8 
21.Rf1 d5 22.f6 g6 23.Nh6+ Nxh6 24.Bxh6 Kf7 25.Qb5 
Qd6 26.Qxb7 Rb8 27.Qa6 Rxb3 28.Qc8 Rb8 29.Qg4 Re8 
30.Bf4 Qd8 31.Qh4 h5 32.Qg5 Rh8 33.Qg3 Re8 34.Bxc7 
Qd7 35.Be5 Nxe5 36.dxe5 d4 37.Rd1 Qa4 38.Rxd4 Qxa3 
39.Rd7+ Ke6 40.Rg7 Rc8 41.Re7+ Kf5 42.Qf3+ Kg5 
43.Qe3+ Kf5 44.Rxa7 Qxc3 45.Qxc3 Rxc3 46.f7 Rc8 
47.Re7 Rf8 48.e6 1-0

[Event "HCL-B3807"]
[Site "www.playchess.de"]
[Date "2006.01.23"]
[Round "3"]
[White "Buddy"]
[Black "Ventzi"]
[WhiteElo "1200"]
[BlackElo "1200"]
[PlyCount "131"]
[Result "1-0"]

1.e4 e5 2.Nf3 Nc6 3.Bb5 Nf6 4.d4 a6 5.Ba4 b5 6.Bb3 
d6 7.Ng5 Be6 8.O-O Bxb3 9.axb3 h6 10.Nf3 Nxe4 
11.Re1 f5 12.Nc3 Nxc3 13.bxc3 g5 14.h3 e4 15.Nh2 
d5 16.Qe2 b4 17.cxb4 Bxb4 18.Bd2 Bxd2 19.Qxd2 Rb8 
20.Rxa6 Qf6 21.Rd1 Rb6 22.Ra8+ Kd7 23.Ra4 f4 
24.Ng4 Qf5 25.Qe2 f3 26.gxf3 exf3 27.Qd2 h5 28.Nh2 
Qxh3 29.Qxg5 Nb4 30.Qg7+ Kc6 31.Qg3 Qxg3+ 32.fxg3 
Rg8 33.Kf2 Rf8 34.Rd2 Kd6 35.c3 Nc6 36.b4 Ne7 
37.Ra1 Ng6 38.Re1 h4 39.Nxf3 h3 40.Rh1 Rh8 41.Ng5 
Rh5 42.Nxh3 Ra6 43.Kg2 Ra3 44.Rc2 c6 45.Rf1 Ne7 
46.Rf6+ Kd7 47.Nf4 Rf5 48.Rh6 Ng8 49.Rh7+ Kd6 
50.Rg7 Nf6 51.Rf7 Ra8 52.c4 Re8 53.cxd5 cxd5 54.b5 
Re7 55.Rc6+ Kd7 56.Rfxf6 Rxf6 57.Rxf6 Re4 58.b6 
Rxd4 59.b7 Rb4 60.Nxd5 Rxb7 61.g4 Rb5 62.Rf5 Ke6 
63.Ne3 Re5 64.Kf3 Rxf5+ 65.gxf5+ Kf6 
66.Kg4 1-0

[Event "HCL-B3757"]
[Site "www.playchess.de"]
[Date "2006.01.23"]
[Round "10"]
[White "Concrete_Pluto"]
[Black "trebli"]
[WhiteElo "1107"]
[BlackElo "846"]
[PlyCount "47"]
[Result "1-0"]

1.e4 e5 2.Bc4 Nc6 3.a3 d6 4.Nc3 Nf6 5.d3 g6 6.Be3 
Bg4 7.f3 Be6 8.Nge2 b6 9.O-O a5 10.Nb5 Be7 11.Nec3 
h5 12.Qe2 Bxc4 13.dxc4 O-O 14.Nd5 Nxd5 15.cxd5 Na7 
16.c4 g5 17.g3 Qd7 18.f4 exf4 19.gxf4 g4 20.f5 f6 
21.h3 gxh3 22.Qxh5 Bd8 23.Kh2 Rf7 
24.Bh6 1-0

[Event "HCL-M879"]
[Site "www.playchess.de"]
[Date "2006.01.23"]
[Round "1"]
[White "zmaster"]
[Black "slimsboy"]
[WhiteElo "1988"]
[BlackElo "1915"]
[PlyCount "31"]
[Result "1-0"]

1.d4 {Best of Luck}  Nf6 {Happy New Year! Good 
luck and good game.}  2.c4 {And ofcourse you a 
great chess year 2006 too!!}  e6 {We will see how 
it starts here!}  3.Nf3 {true, always a surprise 
:)}  b6 4.g3 Bb7 5.Bg2 Be7 6.O-O O-O 7.Nc3 Ne4 
8.Qc2 Nxc3 9.Qxc3 f5 10.Ne5 Bxg2 11.Kxg2 Bg5 
12.Qf3 Bxc1 13.Qxa8 Bxb2 14.Rad1 d6 15.Nf3 a5 
16.Rdb1 1-0

[Event "HCL-C4049"]
[Site "www.playchess.de"]
[Date "2006.01.23"]
[Round "18"]
[White "epenz"]
[Black "ama49"]
[WhiteElo "993"]
[BlackElo "1188"]
[PlyCount "79"]
[Result "1-0"]

1.e4 e5 2.Nf3 Nc6 3.Bc4 Nf6 4.d3 d5 5.exd5 Nxd5 
6.Bxd5 Qxd5 7.O-O Bd6 8.Nc3 Bg4 9.h3 Bh5 10.Nxd5 
O-O-O 11.a3 f6 12.b4 a6 13.c4 Nd4 14.Be3 Nxf3+ 
15.gxf3 Rhe8 16.Kh1 f5 17.Rg1 g6 18.Nf6 Ref8 
19.Nxh7 Rfh8 20.Nf6 e4 21.dxe4 fxe4 22.Nxh5 gxh5 
23.fxe4 Be5 24.Qe2 h4 25.Qg4+ Kb8 26.Rad1 Rdf8 
27.f4 Bd6 28.e5 Be7 29.f5 b5 30.c5 c6 31.Rgf1 Rfg8 
32.Qf4 Rg3 33.Kh2 Rhg8 34.Bf2 R3g2+ 35.Kh1 Bg5 
36.Qe4 Be7 37.Bxh4 Bxh4 38.Qxh4 Ra2 39.Rfg1 Re8 
40.Rd8+ 1-0

[Event "HCL-B3704"]
[Site "www.playchess.de"]
[Date "2006.01.23"]
[Round "4"]
[White "GMO"]
[Black "Jasper_Hattink"]
[WhiteElo "1281"]
[BlackElo "950"]
[PlyCount "91"]
[Result "1-0"]

1.e4 e5 2.Bc4 Nf6 3.d3 Bc5 4.h3 O-O 5.Nf3 d6 6.O-O 
b6 7.Nc3 Be6 8.Bxe6 fxe6 9.Bg5 Nc6 10.a3 h6 
11.Bxf6 Qxf6 12.b4 Bd4 13.Nxd4 Nxd4 14.a4 Rfd8 
15.a5 d5 16.axb6 cxb6 17.Ra2 Qh4 18.exd5 exd5 
19.Ne2 Rdf8 20.Nxd4 Qxd4 21.Qd2 a5 22.bxa5 Rxa5 
23.Rxa5 bxa5 24.Qxa5 Qb2 25.Qxd5+ Kh7 26.Qc5 Re8 
27.Qc4 Kh8 28.Qf7 Rd8 29.Qc4 Qd4 30.Qxd4 exd4 
31.Re1 Kh7 32.Re4 Kg6 33.Kf1 Kf5 34.f3 g5 35.Ke2 
Rc8 36.Kd2 Rc5 37.Rxd4 Ra5 38.Re4 Rd5 39.d4 h5 
40.Re5+ Rxe5 41.dxe5 Kxe5 42.Ke3 Kf5 43.g4+ hxg4 
44.hxg4+ Kg6 45.c4 Kf6 46.Ke4 1-0

[Event "HCL-A2544"]
[Site "www.playchess.de"]
[Date "2006.01.23"]
[Round "12"]
[White "GED"]
[Black "FighterFights"]
[WhiteElo "1445"]
[BlackElo "1887"]
[PlyCount "52"]
[Result "0-1"]

1.e4 {hello from liverpool, and good luck!}  c5 
{Hi from India. Good luck to you too !}  2.Nf3 Nc6 
3.Bc4 d6 4.a3 Nf6 5.Nc3 Bg4 6.h3 Bh5 7.d3 e6 8.Be3 
d5 9.exd5 exd5 10.Bb3 d4 11.Bxd4 cxd4 12.Ne4 Nxe4 
13.dxe4 Qa5+ 14.Qd2 Qxd2+ 15.Nxd2 O-O-O 16.g4 Bg6 
17.h4 h5 18.gxh5 Rxh5 19.O-O-O Bd6 20.Bd5 Bf4 
21.Kb1 Ne5 22.Nb3 d3 23.cxd3 Nxd3 24.Rxd3 Rhxd5 
25.Rxd5 Bxe4+ 26.Ka2 Bxd5 0-1

[Event "HCL-B3831"]
[Site "www.playchess.de"]
[Date "2006.01.23"]
[Round "15"]
[White "DTW"]
[Black "je_suis_tahmid"]
[WhiteElo "1287"]
[BlackElo "1180"]
[PlyCount "57"]
[Result "1-0"]

1.e4 {Salut.  Ou est-ce que vous habitez?}  c5 
2.Nf3 d6 3.d4 cxd4 4.Nxd4 Nf6 5.Nc3 a6 6.Bc4 g6 
7.Bg5 Bg7 8.Qd2 Qb6 9.O-O-O Nc6 10.Nxc6 bxc6 
11.Bb3 O-O 12.Rhf1 d5 13.e5 Ne4 14.Nxe4 dxe4 15.f3 
exf3 16.gxf3 Bxe5 17.f4 Bg7 18.Bxe7 Re8 19.Bg5 Bf5 
20.Qf2 Qc7 21.h4 h6 22.h5 hxg5 23.hxg6 Bxg6 
24.fxg5 Qe5 25.Bxf7+ Kh8 26.Rfh1+ Bh7 27.Rxh7+ 
Kxh7 28.Qh4+ Bh6 29.Qxh6+ 1-0

[Event "HCL-E1489"]
[Site "www.playchess.de"]
[Date "2006.01.23"]
[Round "11"]
[White "gambitplayer"]
[Black "garethh"]
[WhiteElo "1563"]
[BlackElo "1848"]
[PlyCount "64"]
[Result "0-1"]

1.d4 Nf6 2.Bf4 e6 3.Nf3 c5 4.e3 a6 5.a4 Nc6 6.c3 
d5 7.Be2 Be7 8.O-O O-O 9.h3 b6 10.Nbd2 Bd6 11.Bxd6 
Qxd6 12.Re1 Bb7 13.Bd3 e5 14.dxe5 Nxe5 15.Nxe5 
Qxe5 16.Nf3 Qc7 17.Qc2 Ne4 18.c4 Rfe8 19.cxd5 Bxd5 
20.Bxe4 Bxe4 21.Qe2 Qc6 22.b3 Bd5 23.Rab1 b5 
24.axb5 axb5 25.b4 c4 26.Nd4 Qf6 27.Nxb5 Be4 
28.Rbc1 Qg5 29.f3 Bd3 30.Nc7 Bxe2 31.Rxe2 Rxe3 
32.Rec2 Re2 0-1

[Event "HCL-B3826"]
[Site "www.playchess.de"]
[Date "2006.01.23"]
[Round "1"]
[White "dynamike"]
[Black "torbalan"]
[WhiteElo "1610"]
[BlackElo "1294"]
[PlyCount "81"]
[Result "1-0"]

1.e4 d5 2.exd5 Qxd5 3.Nc3 Qd8 4.Nf3 h6 5.d4 c6 
6.Be2 Nf6 7.O-O Bf5 8.Re1 e6 9.a3 Bd6 10.Bd3 Bxd3 
11.Qxd3 O-O 12.Be3 Ng4 13.Bd2 Qc7 14.h3 Nh2 
15.Nxh2 Bxh2+ 16.Kh1 Bf4 17.Bxf4 Qxf4 18.Qe3 Qf6 
19.Ne4 Qg6 20.c4 Nd7 21.Rad1 Rad8 22.Nd6 b6 23.b4 
Nf6 24.c5 Nd5 25.Qf3 Rd7 26.Re4 f5 27.Rh4 f4 
28.Rg4 Qh5 29.Rxg7+ Rxg7 30.Qxh5 Kh7 31.h4 Nf6 
32.Qf3 Rg4 33.Qd3+ Kh8 34.g3 fxg3 35.fxg3 Nh5 
36.Rg1 Rf6 37.Qe3 Kg8 38.Qe5 Nxg3+ 39.Rxg3 Rf1+ 
40.Kg2 Rxg3+ 41.Qxg3+ 1-0

[Event "HCL-C3979"]
[Site "www.playchess.de"]
[Date "2006.01.23"]
[Round "10"]
[White "mumu"]
[Black "tusnelda"]
[WhiteElo "800"]
[BlackElo "1112"]
[PlyCount "86"]
[Result "0-1"]

1.b4 e5 2.e4 Bxb4 3.Ba3 Ba5 4.g3 d6 5.Nc3 Nf6 
6.Bh3 Bxc3 7.dxc3 Nxe4 8.Qf3 Ng5 9.Qg2 O-O 10.Bxc8 
Qxc8 11.Nf3 Nxf3+ 12.Qxf3 Nc6 13.O-O Qe6 14.Rab1 
e4 15.Qd1 b6 16.Qe2 Na5 17.Qb5 Nc4 18.Rb3 Nd2 
19.Rd1 Nxb3 20.cxb3 e3 21.fxe3 Qxe3+ 22.Kg2 Qxc3 
23.Rc1 Qd2+ 24.Kg1 Qxa2 25.Qb4 c5 26.Qa4 h6 27.Rf1 
Rfe8 28.Qf4 Qxb3 29.Bc1 Qe6 30.Bb2 Qe3+ 31.Rf2 
Qxf4 32.Rxf4 Re1+ 33.Rf1 Rxf1+ 34.Kxf1 Re8 35.h4 
a5 36.h5 b5 37.g4 d5 38.Bc1 c4 39.g5 a4 40.gxh6 
gxh6 41.Bxh6 Kh7 42.Bg5 d4 43.h6 
d3 0-1

[Event "ACL-E216"]
[Site "www.playchess.de"]
[Date "2006.01.23"]
[Round "2"]
[White "Walter"]
[Black "ensenis"]
[WhiteElo "1920"]
[BlackElo "1557"]
[PlyCount "21"]
[Result "1-0"]

1.d4 {Hi...Let the games begin...}  d5 {Hi. I'll 
try to play at my best, but your rating is too 
high for me.
Anyway have a good game.}  2.c4 {Hi...Nobody wins, 
unless somebody makes a mistake!!!}  c6 {That's 
clear, But more easily makes mistakes?}  3.cxd5 
cxd5 {My last reply was not written 
correctly.
I mean that I may make mistakes more easily than 
you. I have been at this rating for some years and 
I have been always defeated by people with your 
rating.}  4.Nf3 Nc6 5.Nc3 Nf6 6.Bf4 Bf5 7.e3 e6 
8.Qb3 Bb4 9.a3 Bxc3+ 10.bxc3 b6 
11.Bb5 1-0

[Event "HCL-B3843"]
[Site "www.playchess.de"]
[Date "2006.01.23"]
[Round "9"]
[White "bob19"]
[Black "Skipper_Robert"]
[WhiteElo "1444"]
[BlackElo "1023"]
[PlyCount "63"]
[Result "1-0"]

1.d4 d5 2.Nf3 Nf6 3.c4 dxc4 4.Qa4+ Bd7 5.Qxc4 Be6 
6.Qb5+ Bd7 7.Qxb7 Nc6 8.Qb3 e6 9.a3 Bd6 10.Bg5 Be7 
11.e3 Ne4 12.Bxe7 Qxe7 13.Bd3 Rb8 14.Qc2 Ng5 
15.Nxg5 Qxg5 16.O-O f5 17.Nd2 O-O 18.Nf3 Qf6 19.b4 
e5 20.dxe5 Nxe5 21.Nxe5 Qxe5 22.Bc4+ Kh8 23.Rad1 
Rbd8 24.Rd5 Qf6 25.Rfd1 Rf7 26.Bf1 f4 27.Qxc7 f3 
28.R5xd7 Rff8 29.R7xd8 fxg2 30.Rxf8+ Qxf8 31.Bxg2 
h6 32.Rd8 1-0

[Event "ACL-T157"]
[Site "www.playchess.de"]
[Date "2006.01.23"]
[Round "8"]
[White "Goofy"]
[Black "puddschini"]
[WhiteElo "1943"]
[BlackElo "2101"]
[PlyCount "48"]
[Result "1/2-1/2"]

1.e4 c5 2.Nf3 d6 3.d4 cxd4 4.Qxd4 Nc6 {Hi, auf 
eine spannende Partie.
Gruß 
Jörg}  5.Bb5 {Gleichfalls! ;o))}  Bd7 6.Bxc6 Bxc6 
7.Nc3 Nf6 8.Bg5 e6 9.O-O-O Be7 10.Qe3 O-O 11.h4 
Qc7 12.Nd4 Rfc8 13.f4 Rab8 14.Qd3 a6 15.f5 Bd7 
16.fxe6 fxe6 17.Nf3 Be8 18.Bf4 b5 19.Bxd6 Bxd6 
20.Qxd6 b4 21.Qxc7 Rxc7 22.Ne2 Bg6 23.Ned4 Bxe4 
24.Rhe1 Re8 {(offering draw)}  1/2-1/2

[Event "HCL-A2516"]
[Site "www.playchess.de"]
[Date "2006.01.23"]
[Round "9"]
[White "stevetilbury"]
[Black "zemljanin"]
[WhiteElo "1523"]
[BlackElo "1405"]
[PlyCount "70"]
[Result "0-1"]

1.d4 d5 {hello}  2.c4 {Hi. How is Antarctica?}  e6 
{still floating like britain too :-)}  3.Nc3 Bb4 
4.cxd5 Bxc3+ 5.bxc3 Qxd5 6.Nf3 Ne7 7.Qc2 O-O 8.e3 
c5 9.Bd3 g6 10.e4 Qc6 11.O-O c4 12.Be2 b5 13.Bg5 
f6 14.Bh6 Rf7 15.Rad1 Nd7 16.d5 exd5 17.Nd4 Qa6 
18.exd5 Ne5 19.Nc6 N7xc6 20.dxc6 Nxc6 21.Bf3 Bf5 
22.Qd2 Rd7 23.Qf4 Rad8 24.Rxd7 Rxd7 25.Re1 Ne5 
26.Be4 Bxe4 27.Qxe4 Qc6 28.Qxc6 Nxc6 29.Re8+ Kf7 
30.Rf8+ Ke6 31.Re8+ Ne7 32.Kf1 g5 33.h4 Kf7 34.Rb8 
Nd5 35.Rxb5 Nxc3 0-1

[Event "HCL-C4110"]
[Site "www.playchess.de"]
[Date "2006.01.23"]
[Round "10"]
[White "Skipper_Robert"]
[Black "dg"]
[WhiteElo "1007"]
[BlackElo "1210"]
[PlyCount "68"]
[Result "0-1"]

1.d4 g6 2.Nf3 Bg7 3.e3 d5 4.h3 b6 5.Bd3 Nc6 6.a3 
Bb7 7.Nc3 e6 8.Bb5 Nge7 9.g4 Qd6 10.e4 O-O-O 11.e5 
Qd7 12.Ng5 Rdf8 13.Qf3 h6 14.Nxf7 Qe8 15.Bxc6 Bxc6 
16.Qd3 Qxf7 17.Rf1 Kb8 18.Be3 Qf3 19.b4 Qxh3 
20.O-O-O Qxg4 21.b5 Bb7 22.Rfg1 Qf5 23.f4 Qxd3 
24.Rxd3 h5 25.a4 h4 26.Rdd1 Nf5 27.Bf2 Bh6 28.Kb1 
Bxf4 29.Rxg6 h3 30.Rh1 h2 31.Rxe6 Bg3 32.Bxg3 Nxg3 
33.Rxh2 Rxh2 34.Nxd5 Bxd5 0-1

[Event "HCL-B3820"]
[Site "www.playchess.de"]
[Date "2006.01.23"]
[Round "26"]
[White "PhilipKaveny"]
[Black "JRockne"]
[WhiteElo "1406"]
[BlackElo "1053"]
[PlyCount "39"]
[Result "1-0"]

1.e4 e5 2.f4 Nc6 3.Nf3 d6 4.Bc4 Nf6 5.O-O Bg4 
6.fxe5 {Rockne You are tough as nails}  Nxe5 {Dumb 
as nails}  7.Be2 {:)}  Nxe4 8.Nxe5 Bxe2 9.Qxe2 d5 
10.Nxf7 Kd7 {Damn.}  11.Nxd8 {I happens to me 
also}  Rxd8 12.d3 Nf6 13.Bg5 Kc8 14.Bxf6 gxf6 
15.Nc3 Bg7 16.Nb5 a6 17.Qe6+ Kb8 18.Qe7 {Very well 
done in your Game against GMO}  Rdc8 {Yes, but 
then there is this pethetic mess.}  19.Qxg7 {If 
you are carefull you are a very tough player}  
Rhe8 {Careful is the key.  I rush too many moves.} 
 20.Nd4 1-0

[Event "HCL-B3779"]
[Site "www.playchess.de"]
[Date "2006.01.24"]
[Round "4"]
[White "vulcan"]
[Black "bob19"]
[WhiteElo "1161"]
[BlackElo "1414"]
[PlyCount "64"]
[Result "0-1"]

1.e4 e5 2.Nf3 Nc6 3.Bb5 a6 4.Ba4 Nf6 5.O-O b5 
6.Bb3 d6 7.h3 h6 8.c3 Bb7 9.Re1 Be7 10.d4 O-O 
11.Nbd2 exd4 12.cxd4 Na5 13.Bc2 c5 14.Nf1 Re8 
15.e5 dxe5 16.dxe5 Qxd1 17.Rxd1 Nh7 18.Ng3 Rad8 
19.Rxd8 Rxd8 20.Be3 Nc4 21.Bc1 Bxf3 22.gxf3 Nxe5 
23.Bf4 Nxf3+ 24.Kg2 Nh4+ 25.Kf1 Bf6 26.Rb1 Ng5 
27.Re1 Nxh3 28.Ne4 Nxf4 29.Nxf6+ gxf6 30.Re7 Rd2 
31.Bb3 c4 32.Bxc4 bxc4 0-1

[Event "HCL-A2525"]
[Site "www.playchess.de"]
[Date "2006.01.24"]
[Round "3"]
[White "agmac"]
[Black "puddschini"]
[WhiteElo "1621"]
[BlackElo "1700"]
[PlyCount "60"]
[Result "1/2-1/2"]

1.e4 e6 {Hello, 
welcome to this tournament. I hope we'll have an 
intersting game.
Regards
Joerg}  2.d4 {Hi, thanks, I hope so too. Good luck 
:)}  c5 3.Nf3 cxd4 4.Nxd4 a6 5.Bc4 Nf6 6.Nc3 d6 
7.Bb3 b5 8.Bg5 Be7 9.Qf3 Qc7 10.O-O-O Nbd7 11.Rhe1 
O-O 12.Qg3 b4 13.Nd5 exd5 14.Nf5 Nc5 15.Nxe7+ Qxe7 
16.Bxd5 Rb8 17.e5 dxe5 18.Rxe5 Be6 19.f4 Ncd7 
20.Bc6 Nxe5 21.fxe5 Rfd8 22.Re1 Qc5 23.Bxf6 g6 
24.Qe3 Qxe3+ 25.Rxe3 Rdc8 26.Ba4 Rc4 27.Re2 Rbc8 
28.Rd2 R4c5 29.Bb3 Bxb3 30.axb3 a5 {(offering 
draw)}  1/2-1/2

[Event "HCL-C4035"]
[Site "www.playchess.de"]
[Date "2006.01.24"]
[Round "4"]
[White "garden"]
[Black "EdDaChed"]
[WhiteElo "1034"]
[BlackElo "1079"]
[PlyCount "63"]
[Result "1-0"]

1.e4 e5 2.Nf3 Nc6 3.Nc3 Bc5 4.d3 Nd4 5.Bg5 f6 
6.Be3 f5 7.exf5 Qf6 8.Nd5 Qc6 9.c4 d6 10.Bxd4 Bxd4 
11.Nxd4 Qc5 12.Nb3 Qc6 13.Qh5+ Kd8 14.Qg5+ Nf6 
15.Qxg7 Nxd5 16.Qxh8+ Qe8 17.Qxe8+ Kxe8 18.cxd5 
Bxf5 19.Be2 c6 20.Bh5+ Bg6 21.Bxg6+ hxg6 22.dxc6 
bxc6 23.Na5 c5 24.Nb7 a5 25.Nxd6+ Kf8 26.Rc1 Ke7 
27.Nb7 g5 28.Nxc5 g4 29.Ne4 Ke6 30.O-O Rf8 31.g3 
Rf3 32.Ng5+ 1-0